000 00287nam a2200121Ia 4500
008 190216s9999||||xx |||||||||||||| ||und||
100 _aSahgal N
245 0 _aStorm In Chandigarh
260 _bHind Pocket Books Pvt Ltd
_c1976
300 _a250p
650 _aEnglish Novel
942 _cBK
999 _c12343
_d12343